00000000nam##2200000za#4500
0019.661962
003CaOODSP
00520210615120317
007ta
008150407|1999||||xxc|||||     f|0| 0 fre|d
020 |a0-662-65064-6
040 |aCaOODSP|bfre
041 |aeng
041 |afre
043 |an-cn---
0861 |aH39-501/1999-1
1101 |aCanada. |bSanté Canada.
24513|aLe développement sain des enfants et des jeunes : |ble rôle des déterminants de la santé: rapport sommaire
260 |aOttawa - Ontario : |bSanté Canada |c1999.
300 |aTexte français, iii, 26p. : |bill., tableaux ; |c28 cm.
500 |aN.B.: Numéro de catalogue (H39-501/1999F) et ISBN (0-662-83911-0) imprimés dans cette publication sont incorrects. «Cette brochure résume les grandes lignes du rapport complet intitulé Le développement saint des enfants et des jeunes: le rôle des déterminants de la santé. Elle contient des renseignements contextuels sur l'approche fondées sur la santé de la population et le processus de développement de l'enfant, de même que des renseignements démographiques de base sur les enfants et les jeunes du Canada.»--Introduction.
5203 |aCette brochure résume les grandes lignes du rapport complet intitulé Le développement saint des enfants et des jeunes: le rôle des déterminants de la santé. Elle contient des renseignements contextuels sur l'approche fondées sur la santé de la population et le processus de développement de l'enfant, de même que des renseignements démographiques de base sur les enfants et les jeunes du Canada.--Introduction
546 |aBilingue
563 |aCouverture souple
590 |a00-26|b2000-06-30
69107|aDéveloppement de l'enfant|2gcpds
69107|aIndicateurs de l'état de santé|2gcpds
69107|aAdolescent|2gcpds
7760#|tLe développement sain des enfants et des jeunes : |w(CaOODSP)9.640483
7760#|tHealthy development of children and youth : |w(CaOODSP)9.696368
791 |tHealthy development of children and youth : |eeng|w(CaOODSP)9.661961